000 00267nam a22001097a 4500
082 _a621.388 GLA'F
100 _aGLARFORD, G. M
_957367
245 _aFUNDAMENTALS OF TELEVISION ENGINEERING
260 _aNEWYORK
_bMCGRAW HILL
_c1955
300 _aXIV,642P
942 _cBK
999 _c567656
_d567656